| 000 | 00908nam a2200265 a 4500 | ||
|---|---|---|---|
| 008 | |||
| 020 | _a0387988807 | ||
| 049 | _aMAIN | ||
| 090 | 0 | 0 | _aGE45.D37 |
| 100 | 1 | _aDeaton, Michael L. | |
| 245 | 1 | 0 |
_aDynamic modeling of environmental systems / _cMichael L. Deaton, James J. Winebrake. |
| 260 |
_aNew York : _bSpringer, _cc2000. |
||
| 300 |
_axvi, 194 p. : _bill. ; _c25 cm. + _e1 computer laser optical disc (4 3/4 in.) |
||
| 490 | _aModeling dynamic systems | ||
| 504 | _aIncludes bibliographical references and index. | ||
| 650 | 0 |
_aEnvironmental sciences _xComputer simulation. |
|
| 650 | 0 |
_aEnvironmental sciences _xMathematical models. |
|
| 700 | 1 | _aWinebrake, James J. | |
| 830 | _aModeling dynamic systems | ||
| 907 |
_a.b10077571 _b18-06-03 _c16-06-03 |
||
| 003 | |||
| 005 | 20230123133258.0 | ||
| 040 | _cNUST | ||
| 942 |
_cBOOKS _kGE45.D37 |
||
| 999 |
_c145859 _d145859 |
||